00365nam a2200133Ia 450000500170000000800410001702000180005808200220007610000200009824500460011826000240016430000130018865000300020120250313161502.0231217s9999 xx 000 0 und d a9788172246501 a001.64404 ZUR;25 aZurada, Jacek M 0aIntroduction to artificial neural systems c2001bJaicoamumbai axxiv+683 aArtificial Neural systems